Az Expo Congress Hotel Front Office és Housekeeping kapcsolatának bemutatása

Bibliográfiai részletek
Szerző: Csada Nikoletta Alexandra
További közreműködők: Karakasné Morvay Klára
Dokumentumtípus: Projektmunka
Kulcsszavak:expo 2018
Front Office
Housekeeping
kapcsolat
Online Access:http://dolgozattar.uni-bge.hu/17328

MARC

LEADER 00000nnm a2200000 i 4500
001 dolg17328
005 20180925114751.0
008 180517suuuu hu o 000 hun d
040 |a BGE Dolgozattár Repozitórium  |b hun 
041 |a hu 
100 1 |a Csada Nikoletta Alexandra 
245 1 3 |a Az Expo Congress Hotel Front Office és Housekeeping kapcsolatának bemutatása  |c Csada Nikoletta Alexandra  |h [elektronikus dokumentum] 
246 1 1 |a Az Expo Congress Hotel Front Office és Housekeeping kapcsolatának bemutatása 
246 1 1 |a Az Expo Congress Hotel Front Office és Housekeeping kapcsolatának bemutatása 
516 |a Project_work 
695 |a expo 2018 
695 |a Front Office  
695 |a Housekeeping 
695 |a kapcsolat 
700 1 |a Karakasné Morvay Klára  |e ths 
856 4 0 |u http://dolgozattar.uni-bge.hu/17328/1/projektmunka%20csada%20niki2.pdf  |z Dokumentum-elérés